000 00976nam a2200265 a 4500
001 25232
003 CO-ViMGA
005 20230915232048.0
008 141112s2004 ck r 000 u spa d
020 _a9786074558449
040 _aCO-ViMGA
_bspa
_cCO-ViMGA
041 _aspa fre
043 _au - at - - -
082 0 4 _a823.91 R81v
100 1 _aRubbo, Michael, 1938 -
_938437
245 1 0 _aVincent y yo /
_cMichael Rubbo ; traducción Silvia Pratt ; ilustraciones Julián Cicero.
260 _aMéxico :
_bConsejo Nacional para la Cultura y las Artes,
_c2011.
300 _a211 p. : il. ; 22 cm.
490 _aNarrativa juvenil
650 1 4 _aNovela juvenil australiana.
_938438
700 1 _aPratt, Silvia, 1949 - , tr.
_938439
942 _2ddc
_cBK
999 _c32858
_d32858